000 00688nam a2200205Ia 4500
003 GCL
005 20240530105136.0
008 140319s9999 xx 000 0 ara d
040 _aGCL /
_cGCL
082 0 4 _a547
_bم ن
100 1 _aمايسليش , هربرت
245 1 0 _aنظريات ومسائل فى الكيمياء العضوية /
_cمايسليش , هربرت
260 _a[S.N] :
_bالدار الدولية للنشر والتوزيع ،
_c1992
300 _a620 ص
490 _aسلسلة ملخصات شوم
_v0
650 0 4 _aالكيمياء العضوية
700 1 _aشارفيكن، جاكوب
700 1 _aنيخامكين , هوارد
942 _2ddc
_cBK
999 _c53506
_d53506